Statystyki dla Albańskie obwody

Kliknij tutaj aby rozwiązać quiz!

Ogólne statystyki

  • Ten quiz został rozwiązany 28 razy
  • Średni wynik to 7 z 12

Statystyki odpowiedzi

Obwód% Poprawnych
Tirana
91%
Berat
73%
Dibra
64%
Durrës
64%
Wlora
64%
Korcza
55%
Szkodra
55%
Elbasan
45%
Fier
45%
Kukës
45%
Lezha
45%
Gjirokastra
36%

Rozkład punktacji

Percentyl według liczby udzielonych odpowiedzi

Procent ludzi z każdym wynikiem

Twoja historia wyników

Nie rozwiązałeś tego quizu